书目信息 |
| 书名: | Citizen politics in western democracies | |
| 作者: | Russell J. Dalton. | |
| 分册号: | ||
| 分册名: | 出版地: | Chatham, N.J. : |
|
| 出版社: | Chatham House Publishers | |
| 出版时间: | c1988. | |
| 页数: | 338 p. : | |
| 开本: | 22 cm. | |
| 丛书名: | ||
| 中图分类号: | ||
| 科图分类号: | ||
| 其他分类号: | D502 | |
| 主题词: | ||
| 电子资源: | ||
| 000 | 00992nam 2200289 a 45 | |
| 001 | E0734086828 | |
| 005 | 20070421093516.40 | |
| 008 | 980925s1988 njua b 00110 eng | |
| 010 | @a 88002830 | |
| 020 | @a1-56643-026-7. | |
| 050 | 0 | @aJF2011@b.D34 1988 |
| 082 | 0 | @a323/.042 @2 19 |
| 090 | @aD502 | |
| 099 | @dD502@ex11 | |
| 100 | 10 | @aDalton, Russell J. |
| 245 | 10 | @aCitizen politics in western democracies :@bpublic opinion and political parties in the United States, Great Britain, West Germany, and France / @cRussell J. Dalton. |
| 250 | @a2nd ed. | |
| 260 | 0 | @aChatham, N.J. :@bChatham House Publishers,@cc1988. |
| 300 | @a338 p. :@bill. ;@c22 cm. | |
| 504 | @aIncludes bibliographical references (p. 249-261) and index. | |
| 650 | 0 | @aPolitical parties. |
| 650 | 0 | @aPolitical participation. |
| 650 | 0 | @aPublic opinion. |
| 650 | 0 | @aDemocracy. |
| 650 | 0 | @aComparative government. |
| 905 | @anul98001452 | |
| 920 | @a232010@bD502/X1 | |
| Citizen politics in western democracies : : public opinion and political parties in the United States, Great Britain, West Germany, and France / / Russell J. Dalton.-2nd ed.-Chatham, N.J. : : Chatham House Publishers, , c1988. |
| 338 p. : : ill. ; ; 22 cm. |
| Includes bibliographical references (p. 249-261) and index. |
| ISBN 1-56643-026-7. |
| ● |
| 相关链接 |
|
|
|
|
正题名:Citizen politics in western democracies
索取号:D502/x11
 
预约/预借
| 序号 | 登录号 | 条形码 | 馆藏地/架位号 | 状态 | 备注 |
| 1 | 4374 | 300043744 | 第二样本阅览室/ [索取号:D502/x11] | 在馆 | |
| 2 | 4375 | 300043753 | 第四借阅区/ [索取号:D502/x11] | 在馆 |